书目信息 |
| 题名: |
物种起源
|
|
| 作者: | (英)查理·达尔文著 | |
| 分册: | ||
| 出版信息: | 重庆 重庆出版社 2014 |
|
| 页数: | 407页 | |
| 开本: | 24cm | |
| 丛书名: | 文化伟人代表作图释书系 | |
| 单 册: | ||
| 中图分类: | Q111.2 , Q349 | |
| 科图分类: | ||
| 主题词: | 物种起源 , 遗传学--分类 | |
| 电子资源: | ||
| ISBN: | 978-7-229-07621-4 | |
| 000 | 01161nam0 2200361 450 | |
| 001 | 2978 | |
| 001 | 01CN10502696@CSLN | |
| 005 | 20161207151352.28 | |
| 010 | @a978-7-229-07621-4@dCNY68.00 | |
| 090 | @aQ11@bdew | |
| 100 | @a20140929d2014 em y0chiy50 ea | |
| 101 | 1 | @achi@ceng |
| 102 | @aCN@b500000 | |
| 105 | @aa z 000yy | |
| 106 | @ar | |
| 200 | 1 | @a物种起源@9wu zhong qi yuan@b专著@dThe origin of species@f(英)查理·达尔文著@g何滟编译@zeng |
| 205 | @a3版 | |
| 210 | @a重庆@c重庆出版社@d2014 | |
| 215 | @a407页@c图@d24cm | |
| 225 | 2 | @a文化伟人代表作图释书系 |
| 308 | @a丛书第一辑 | |
| 330 | @a本书重点阐述和论证了高等生物是由低等生物逐渐演变而来的进化论思想,并提出了以自然选择、适者生存为基础的生物进化学说。 | |
| 461 | 0 | @12001 @a文化伟人代表作图释书系 |
| 500 | @a@a物种起源@9wu zhong qi yuan | |
| 510 | 1 | @aOrigin of species@zeng |
| 606 | 0 | @a物种起源 |
| 606 | 0 | @a遗传学@x分类 |
| 690 | @aQ111.2@v5 | |
| 690 | @aQ349@v4 | |
| 701 | @a@a达尔文@9da er wen@c(Darwin, Charles Robert@f1809~1882)@4著 | |
| 702 | @a@a何滟@9he yan@4编译 | |
| 801 | 0 | @aCN@b大连网信软件有限公司图书馆·11@c20161207 |
| 905 | @aZUCC@dQ111.2@e186=3 | |
| 物种起源=The origin of species/(英)查理·达尔文著/何滟编译.-3版.-重庆:重庆出版社,2014 |
| 407页:图;24cm.-(文化伟人代表作图释书系) |
| ISBN 978-7-229-07621-4:CNY68.00 |
| 本书重点阐述和论证了高等生物是由低等生物逐渐演变而来的进化论思想,并提出了以自然选择、适者生存为基础的生物进化学说。 |
| ● |
| 相关链接 |
|
|
|
|
正题名:物种起源
索取号:Q111.2/186=3
 
预约/预借
| 序号 | 登录号 | 条形码 | 馆藏地/架位号 | 状态 | 备注 |
| 1 | 912359 | 209123599 | 第二样本阅览室/ [索取号:Q111.2/186=3] | 在馆 | |
| 2 | 912360 | 209123606 | 第三借阅区/ [索取号:Q111.2/186=3] | 在馆 | |
| 3 | 912361 | 209123615 | 第三借阅区/ [索取号:Q111.2/186=3] |
已借出,限还日期为2025.05.05 借出人:李华伟 |
|
| 4 | 912362 | 209123624 | 第三借阅区/ [索取号:Q111.2/186=3] | 在馆 |